<?xml version="1.0" encoding="UTF-8"?>
<record
    xmlns:xsi="http://www.w3.org/2001/XMLSchema-instance"
    xsi:schemaLocation="http://www.loc.gov/MARC21/slim http://www.loc.gov/standards/marcxml/schema/MARC21slim.xsd"
    xmlns="http://www.loc.gov/MARC21/slim">

  <leader>03004nam a22002537a 4500</leader>
  <controlfield tag="005">20240305165616.0</controlfield>
  <controlfield tag="007">cr||||   |||| </controlfield>
  <controlfield tag="008">210908s2020    it |||||s|||| 00||0 ita d</controlfield>
  <datafield tag="020" ind1=" " ind2=" ">
    <subfield code="a">978-84-1377-299-8</subfield>
  </datafield>
  <datafield tag="035" ind1=" " ind2=" ">
    <subfield code="a">33519</subfield>
  </datafield>
  <datafield tag="040" ind1=" " ind2=" ">
    <subfield code="a">vLex</subfield>
  </datafield>
  <datafield tag="090" ind1=" " ind2=" ">
    <subfield code="c">12313</subfield>
    <subfield code="d">12313</subfield>
  </datafield>
  <datafield tag="100" ind1="1" ind2=" ">
    <subfield code="a">Proietti, Elena</subfield>
  </datafield>
  <datafield tag="245" ind1="1" ind2="0">
    <subfield code="a">Energie rinnovabili &amp; diritti umani</subfield>
    <subfield code="h">[Recurso electr&#xF3;nico] :</subfield>
    <subfield code="b">Verso un nuovo futuro /</subfield>
    <subfield code="c">Elena Proietti</subfield>
  </datafield>
  <datafield tag="256" ind1=" " ind2=" ">
    <subfield code="a">Servicio en l&#xED;nea</subfield>
  </datafield>
  <datafield tag="260" ind1=" " ind2=" ">
    <subfield code="a">Madrid:</subfield>
    <subfield code="b">Dykinson,</subfield>
    <subfield code="c">2020</subfield>
  </datafield>
  <datafield tag="300" ind1=" " ind2=" ">
    <subfield code="a">1 recurso electr&#xF3;nico</subfield>
  </datafield>
  <datafield tag="500" ind1=" " ind2=" ">
    <subfield code="a">Il riconoscimento giuridico della correlazione tra tutela della salute e diritti umani, da una parte, e diritto a vivere in un ambiente salubre, non minacciato nel futuro dagli effetti del cambiamento climatico, dall&#x92;altra, si sta gi&#xE0; verificando a tutti i livelli, da quello internazionale e comunitario, a quello nazionale, regionale e locale. Sembrerebbe, tuttavia, che le iniziative relative alla mitigazione (e adattamento) degli effetti del cambiamento climatico provenienti dal &#xAB;basso&#xBB; si siano dimostrate, fino a oggi, molto pi&#xF9; efficaci e rapide rispetto a quelle provenienti dall&#x92; &#xAB;alto&#xBB;, rallentate da compromessi di tipo economico e politico che continuano a procrastinare sine die il momento di produrre un accordo giuridico vincolante, a livello globale, non pi&#xF9; rinviabile o emendabile. Ai fini della realizzazione del diritto alla salute di ogni individuo, inoltre, &#xE8; ormai fondamentale garantire l&#x92;accesso all&#x92;energia, indispensabile sia per qualsiasi forma di cura e assistenza sanitaria, che per i bisogni primari quali l&#x92;accesso all&#x92;acqua, al cibo e all&#x92;igiene. In seguito alle scoperte scientifiche relative al cambiamento climatico, tuttavia, parlare di diritto all&#x92;accesso all&#x92;energia non potr&#xE0; che sottintendere l&#x92;accesso all&#x92;energia &#xAB;pulita&#xBB; e, quindi, rinnovabile, in grado di garantire la tutela di diritti che l&#x92;utilizzo di combustibili fossili sta minacciando gravemente. Solo lo sfruttamento delle energie rinnovabili soddisferebbe, infatti, l&#x92;esigenza generale di accesso all&#x92;energia e al suo utilizzo, nonch&#xE9; la salvaguardia dei diritti umani generalmente riconosciuti. Per tali ragioni sar&#xE0; importante evidenziare le origini della materia sulle energie rinnovabili, i suoi sviluppi a livello giuridico e approfondire le concrete azioni che sono state adottate, fino a giungere alla proposta inedita, ispirata dalla sentenza Olanda vs Urgenda Foundation, del riconoscimento di un nuovo diritto umano: l'accesso all'energia rinnovabile.</subfield>
  </datafield>
  <datafield tag="506" ind1="1" ind2=" ">
    <subfield code="a">Disponible solo en los productos indicados</subfield>
    <subfield code="d">vLex Global</subfield>
    <subfield code="d">vLex Global (Academic Edition, excluding Law Schools)</subfield>
    <subfield code="d">vLex Global (U.S. Academic Edition, Law Schools)</subfield>
    <subfield code="d">vLex Global (U.S. Academic Edition, excluding Law Schools)</subfield>
    <subfield code="d">vLex Global (Academic Edition, Law Schools)</subfield>
  </datafield>
  <datafield tag="650" ind1="0" ind2="4">
    <subfield code="a">Derecho del Medio Ambiente</subfield>
    <subfield code="z">Italia</subfield>
  </datafield>
  <datafield tag="740" ind1="0" ind2=" ">
    <subfield code="a">vLex Libros (Servicio en l&#xED;nea)</subfield>
  </datafield>
  <datafield tag="856" ind1="4" ind2="0">
    <subfield code="u">https://app.vlex.com/#/sources/33519</subfield>
  </datafield>
  <datafield tag="942" ind1=" " ind2=" ">
    <subfield code="c">RAA</subfield>
  </datafield>
  <datafield tag="952" ind1=" " ind2=" ">
    <subfield code="0">0</subfield>
    <subfield code="1">0</subfield>
    <subfield code="4">0</subfield>
    <subfield code="7">0</subfield>
    <subfield code="8">VLEX</subfield>
    <subfield code="9">328498</subfield>
    <subfield code="a">BD-UIN</subfield>
    <subfield code="b">BD-UIN</subfield>
    <subfield code="d">2024-03-05</subfield>
    <subfield code="l">0</subfield>
    <subfield code="p">33519</subfield>
    <subfield code="r">2024-03-05</subfield>
    <subfield code="w">2024-03-05</subfield>
    <subfield code="y">RAA</subfield>
  </datafield>
  <datafield tag="999" ind1=" " ind2=" ">
    <subfield code="c">170549</subfield>
    <subfield code="d">170549</subfield>
  </datafield>
</record>
